A sciencia nautica portuguesa e o descubrimento do Brasil / (Record no. 143742)
[ view plain ]
| 000 -LEADER | |
|---|---|
| campo de control de longitud fija | 00601nam a2200193 4500 |
| 001 - NÚMERO DE CONTROL | |
| campo de control | 143742 |
| 003 - IDENTIFICADOR DE NÚMERO DE CONTROL | |
| campo de control | ES-MaACL |
| 005 - FECHA Y HORA DE LA ÚLTIMA TRANSACCIÓN | |
| campo de control | 20230906200855.0 |
| 007 - CAMPO FIJO DE DESCRIPCIÓN FÍSICA--INFORMACIÓN GENERAL | |
| campo de control de longitud fija | t| |
| 008 - DATOS DE LONGITUD FIJA--INFORMACIÓN GENERAL | |
| campo de control de longitud fija | 070214s1931 bl r ||||1| por d |
| 100 1# - ENTRADA PRINCIPAL--NOMBRE DE PERSONA | |
| Nombre de persona | Severo, Ricardo. |
| 9 (RLIN) | 105924 |
| 245 10 - MENCIÓN DEL TÍTULO | |
| Título | A sciencia nautica portuguesa e o descubrimento do Brasil / |
| Mención de responsabilidad, etc. | Ricardo Severo. |
| 260 ## - PUBLICACIÓN, DISTRIBUCIÓN, ETC. | |
| Lugar de publicación, distribución, etc. | So Paulo : |
| Nombre del editor, distribuidor, etc. | [s. n.], |
| Fecha de publicación, distribución, etc. | 1931 ( |
| Fabricante | Leon Fefer) |
| 300 ## - DESCRIPCIÓN FÍSICA | |
| Extensión | 24 p. ; |
| Dimensiones | 22 x 15 cm. |
| 651 #7 - PUNTO DE ACCESO ADICIONAL DE MATERIA--NOMBRE GEOGRÁFICO | |
| 9 (RLIN) | 169448 |
| Nombre geográfico | Brasil |
| Subdivisión general | Descubrimientos y exploraciones |
| -- | Portugueses |
| 852 ## - LOCALIZACIÓN | |
| Ubicación | ES-MaACL |
| Número de control de estantería | 1751-F-27 |
| 942 ## - ELEMENTOS DE ENTRADA SECUNDARIOS (KOHA) | |
| Fuente del sistema de clasificación o colocación | Clasificación decimal universal |
| Tipo de ítem Koha | Libro impreso |
| Estatus retirado | Estado de pérdida | Estado de daño | No para préstamo | Colección | Biblioteca de origen | Biblioteca actual | Ubicación en estantería | Fecha de adquisición | Fuente de adquisición | Total de préstamos | Signatura topográfica completa | Código de barras | Visto por última vez | Precio de reemplazo | Tipo de ítem Koha |
|---|---|---|---|---|---|---|---|---|---|---|---|---|---|---|---|
| Colección de folletos | Biblioteca del Ateneo de Madrid | Biblioteca del Ateneo de Madrid | Depósito folletos | 17/01/2008 | 1751-F-27 | 1149551 | 23/02/2023 | 23/02/2023 | Folleto |
